Eliminácia rizík pri cenovom rozhodovaní diplomová práca

Gespeichert in:
Bibliographische Detailangaben
1. Verfasser: Zollerová, Oľga
Körperschaft: Obchodná fakulta EU. Katedra marketingu
Weitere Verfasser: Lipianska, Júlia
Format: Buch
Sprache:Slowakisch
Veröffentlicht: Bratislava 2009
Tags: Tag hinzufügen
Keine Tags, Fügen Sie das erste Tag hinzu!

MARC

LEADER 00000nam$a2200000$$$4500
001 0098056
005 20240318135336.8
041 0 |a slo 
044 |a SK 
245 1 0 |a Eliminácia rizík pri cenovom rozhodovaní  |b diplomová práca  |c Oľga Zollerová ; škol. Júlia Lipianska 
264 1 |a Bratislava  |c 2009 
300 |a 86 s. 
100 1 |a Zollerová, Oľga 
700 1 |a Lipianska, Júlia 
710 2 |a Obchodná fakulta EU. Katedra marketingu